000 01202cam a2200289 a 4500
001 4947012
003 OSt
005 20240617151720.0
008 961219s1997 paua b 001 0 eng
010 _a 96053262
020 _a0898713889 (pbk.)
040 _aMUST LIB
_cMUST
_dMUST
050 0 0 _aQA372
_b.C594 1997
082 0 0 _a515.352
_221
_bEAR
100 1 _aCoddington, Earl A.,
_d1920-
_96111
245 1 0 _aLinear ordinary differential equations /
_cEarl A. Coddington, Robert Carlson.
260 _aPhiladelphia :
_bSociety for Industrial and Applied Mathematics,
_cc1997.
300 _axii, 341 p. :
_bill. ;
_c26 cm.
504 _aIncludes bibliographical references (p. 333-334) and index.
650 0 _aDifferential equations.
_9751
700 1 _aCarlson, Robert,
_d1951-
_96112
856 4 2 _3Publisher description
_uhttp://www.loc.gov/catdir/enhancements/fy0708/96053262-d.html
856 4 1 _3Table of contents only
_uhttp://www.loc.gov/catdir/enhancements/fy0708/96053262-t.html
906 _a7
_bcbc
_corignew
_d1
_eocip
_f19
_gy-gencatlg
942 _2ddc
_cO_SHELF
999 _c8563
_d8563